000 02355nam0a2200409 4500
001 RU\NLR\bibl\1361433
005 20260405160032.0
010 _a978-59567-0403-5
_bГипноз для начинающих. Скрытое управление человеком
021 _aRU
_b2009-15995
_9946
035 _a(nilc)RSL-KNO-004257400
035 _a(NLR Aleph) 001353606
090 _a936579
_c936579
100 _a20090311d2009 |||y0rusy50 ca
101 0 _arus
102 _aRU
105 _aa |||||||||
200 1 _aГипноз для начинающих
_eскрытое управление человеком
_fА. Федотов, Э. Коган
210 _aРостов-на-Дону
_cВладис
_d2009
215 _a574, [1] с.
_cил.
_d21
300 _aДан. кн. вышла в трех вариантах обл.: "Учебник гипноза для начинающих", "Новая книга по гипнозу", "Гипноз для начинающих"
300 _aНа обороте тит. л. авт.: Басенко Сергей Петрович, Горецкая Ирина Сергеевна, Коган Элла Викторовна [и др.]
320 _aБиблиогр.: с. 564-566 (35 назв.)
451 0 _12001#$aУчебник гипноза для начинающих
_tУчебник гипноза для начинающих
451 0 _12001#$aНовая книга по гипнозу
_tНовая книга по гипнозу
606 1 _aГипноз
_jПопулярные издания
_9929026
_3RU\NLR\auth\6623174
606 1 _aГипнотерапия
_jПопулярные издания
_9939757
_3RU\NLR\auth\6628848
610 2 _aПсихология -- Особые состояния и явления психики -- Гипноз. Внушение. Самовнушение
686 _aЮ962,0
_2rubbk
686 _aР357.111я9
686 _aЮ962я9
700 1 _4070
_8rus
_7ca
_aФедотов
_bА. А.
_cгипнолог
_gАндрей Алексеевич
_3RU\NLR\auth\7766750
_949678
701 1 _4070
_8rus
_7ca
_aКоган
_bЭ. В.
_cгипнолог
_gЭлла Викторовна
_3RU\NLR\auth\7766752
_949680
801 0 _aRU
_bРГБ
_c20090311
_grcr
801 1 _aRU
_bРГБ
_c20090311
801 2 _aRU
_bNLR
_c20090423
_grcr
942 _cBOOK
980 _aNB